First 100 Words of A Court of Thorns and Roses - Statistics

General Stats
  • This quiz has been taken 29 times
  • The average score is 35 of 100
Answer Stats
Answer % Correct
I
100%
a
95%
The
95%
the
95%
an
89%
and
84%
to
84%
in
79%
in,
79%
me
68%
my
68%
of
63%
for
58%
them
53%
was
47%
but
42%
from
42%
had
42%
with
37%
by
32%
could
32%
into
32%
one
32%
one,
32%
than
32%
ice.
21%
last
21%
off
21%
snow
21%
time.
21%
winter
21%
forest
16%
hour,
16%
tree
16%
any
11%
away
11%
become
11%
been
11%
branch
11%
going
11%
hard
11%
home
11%
they'd
11%
turned
11%
woods
11%
along
5%
animals
5%
blew
5%
brought
5%
buried
5%
crook
5%
deeper
5%
farther
5%
flurries
5%
follow,
5%
gusting
5%
Hunger
5%
I'd
5%
labyrinth
5%
leaaving
5%
monitoring
5%
parameters
5%
pick
5%
point
5%
potential
5%
praying
5%
pulled
5%
quarry.
5%
risked,
5%
signs
5%
stragglers
5%
sweep
5%
thick
5%
thicket
5%
tracks,
5%
useless.
5%
usually
5%
vantage
5%
wind
5%
No matching quizzes found
Score Distribution
Percent of People with Each Score
Percentile by Number Answered
Your Score History
You have not taken this quiz